000 00725nam a22002177a 4500
999 _c17073
_d17073
003 AR-CdUCM
008 190507b ||||| |||| 00| 0 spa d
040 _aMUNICIPALIDAD PROVINCIAL DEL CUSCO
_cBIBLIOTECA MUNICIPAL DEL CUSCO
082 _a349.1 /
_bD594
100 _aDios, Juan de
_936899
245 _aElementos de derecho romano :
_bcon cuadros sinópticos /
260 _aMéxico :
_bEditora nacional,
_c1966.
300 _a420 páginas ;
_c17 cm.
505 _aContenido: Monarquía -- República -- Imperio...
650 _aDerecho romano
_94293
650 _aDerecho
_9739
650 _aHistórico
_927608
700 _aRada y Delgado, D. Fabio de la
_936900
942 _2ddc
_cLIBROS
945 _adavv
_d07/05/2019